000
00196 a2200097 4500
001
51165
100
_a
Frost J
245
_a
B B C Micro
260
_a
London
_b
Pan Book
_c
090
_c
32399
_d
32399
942
_a
NUST-CAE
_c
M
_c
24890
999
_c
286238
_d
286238